[Event "Est ch 2020 G12"]
[Site "?"]
[Date "2020.01.24"]
[Round "4.5"]
[White "Andrejeva, Olga"]
[Black "Haapsal, Maria Ioanna"]
[Result "0-1"]
[WhiteElo "1018"]
[BlackElo "1549"]
[PlyCount "86"]
[SourceVersionDate "2020.01.30"]

1. e4 c5 2. Nc3 e6 3. d4 cxd4 4. Qxd4 Nc6 5. Qd2 d6 6. b3 Nf6 7. Bb2 Be7 8.
O-O-O a6 9. f3 b5 10. g4 Bb7 11. g5 Nd7 12. g6 hxg6 13. f4 Rc8 14. Nf3 Nf6 15.
e5 dxe5 16. Qxd8+ Bxd8 17. fxe5 Nxe5 18. Nxe5 Bxh1 19. Be2 Bb7 20. Rh1 Bxh1 21.
Nd1 Be4 22. Ne3 Rxh2 23. Kd1 Rh1+ 24. Kd2 Ba5+ 25. c3 Rd8+ 26. Bd3 Bxd3 27. b4
Bc4+ 28. Kc2 Rh2+ 29. Kb1 Bb6 30. Nc2 Rd1+ 31. Bc1 Bxa2+ 32. Kb2 Bd5 33. Bf4
Be4 34. Bxh2 Rd2 35. Bf4 Rxc2+ 36. Kb3 Nd5 37. Bg5 Rxc3+ 38. Kb2 Bd4 39. Ka2
Nxb4+ 40. Kb2 Re3+ 41. Kc1 Re2 42. Bf4 Bc2 43. Nf3 Na2# 0-1

[Event "Est ch 2020 G12"]
[Site "?"]
[Date "2020.01.24"]
[Round "4.6"]
[White "Luik, Elo-Mirtel"]
[Black "Karba, Kertu"]
[Result "0-1"]
[WhiteElo "1012"]
[BlackElo "1158"]
[PlyCount "98"]
[SourceVersionDate "2020.01.30"]

1. e4 e5 2. Nf3 Nc6 3. Nc3 Nf6 4. Bb5 d6 5. O-O Bd7 6. d4 a6 7. Bxc6 Bxc6 8.
dxe5 Nxe4 9. Nxe4 Bxe4 10. Bg5 Bxf3 11. Bxd8 Bxd1 12. Bxc7 Bxc2 13. exd6 Ba4
14. Rae1+ Kd7 15. b3 Bb5 16. Rd1 Bxf1 17. Kxf1 Re8 18. Rc1 Bxd6 19. Ba5 Rc8 20.
Rd1 Rhe8 21. Bb4 Rc6 22. Ba3 Kc7 23. b4 b5 24. Bb2 g6 25. a3 Rc2 26. Bd4 Re6
27. g3 Be7 28. f4 Rxh2 29. Be5+ Bd6 30. Bxd6+ Rxd6 31. Rc1+ Rc6 32. Re1 Rh1+
33. Kf2 Rxe1 34. Kxe1 Rc2 35. Kd1 Ra2 36. g4 Kd6 37. g5 Kd5 38. Ke1 Kd4 39. a4
bxa4 40. b5 axb5 41. f5 gxf5 42. g6 fxg6 43. Kd1 b4 44. Kc1 b3 45. Kb1 a3 46.
Kc1 Rb2 47. Kd1 Rc2 48. Ke1 a2 49. Kd1 a1=Q# 0-1

[Event "Est ch 2020 G12"]
[Site "?"]
[Date "2020.01.24"]
[Round "4.7"]
[White "Karba, Karoliina"]
[Black "Dmitrijeva, Laura-Valeria"]
[Result "1-0"]
[WhiteElo "1013"]
[BlackElo "1005"]
[PlyCount "119"]
[SourceVersionDate "2020.01.30"]

1. e4 e5 2. Nf3 Nc6 3. Bc4 Nf6 4. d3 Bc5 5. O-O d6 6. Nc3 Bg4 7. Nd5 Nxd5 8.
Bxd5 Qd7 9. h3 Be6 10. Bxe6 Qxe6 11. Ng5 Qg6 12. a3 h6 13. Nf3 Qf6 14. c3 O-O-O
15. b4 g5 16. bxc5 dxc5 17. Nd2 h5 18. Nf3 g4 19. Bg5 Qg6 20. Bxd8 Rxd8 21.
hxg4 hxg4 22. Nh4 Qh6 23. Qxg4+ Kb8 24. Nf5 Qh7 25. Qg7 Qh5 26. Qh6 Qg4 27. f3
Qg8 28. Qg7 Qe8 29. Nh6 a6 30. Qxf7 Qh8 31. Qg6 Ne7 32. Qe6 Re8 33. Nf7 Qg8 34.
f4 Ng6 35. Qf6 Nxf4 36. Rxf4 exf4 37. Qxf4 Rf8 38. Rf1 Rxf7 39. Qxf7 Qxf7 40.
Rxf7 Kc8 41. Kf2 Kd8 42. Ke3 Ke8 43. Rxc7 b6 44. Rb7 b5 45. Ra7 Kd8 46. Rxa6
Kc7 47. a4 bxa4 48. Rxa4 Kb6 49. g4 Kb5 50. Rc4 Kc6 51. g5 Kd7 52. g6 Ke7 53.
Rxc5 Kf8 54. Rc7 Kg8 55. Kf4 Kh8 56. Rf7 Kg8 57. e5 Kh8 58. e6 Kg8 59. e7 Kh8
60. e8=Q# 1-0

[Event "Est ch 2020 G12"]
[Site "?"]
[Date "2020.01.25"]
[Round "5.1"]
[White "Rogaten, Varvara"]
[Black "Pritulina, Nadezhda"]
[Result "1-0"]
[WhiteElo "1397"]
[BlackElo "1345"]
[PlyCount "55"]
[SourceVersionDate "2020.01.30"]

1. e4 e5 2. Nf3 d6 3. h3 Nf6 4. Nc3 Be7 5. Bc4 O-O 6. O-O a6 7. a4 c5 8. Be2 h6
9. d3 Nc6 10. Bd2 Be6 11. Nh2 d5 12. exd5 Nxd5 13. Bf3 Nd4 14. Ng4 f6 15. Ne3
Nxf3+ 16. Qxf3 Nxc3 17. Bxc3 Rb8 18. Nf5 b5 19. Nxe7+ Qxe7 20. axb5 axb5 21.
Bd2 Ra8 22. Rxa8 Rxa8 23. Qxa8+ Kh7 24. Qe4+ Kg8 25. Ra1 Qd6 26. Qg6 Kf8 27.
Ra8+ Ke7 28. Qe8# 1-0

[Event "Est ch 2020 G12"]
[Site "?"]
[Date "2020.01.25"]
[Round "5.2"]
[White "Haapsal, Maria Ioanna"]
[Black "Shadrina, Eva"]
[Result "1-0"]
[WhiteElo "1549"]
[BlackElo "1559"]
[PlyCount "65"]
[SourceVersionDate "2020.01.30"]

1. e4 c5 2. b3 d6 3. Bb2 Nf6 4. Nc3 g6 5. Bb5+ Bd7 6. Bxd7+ Nbxd7 7. Nge2 Bg7
8. d3 a6 9. O-O O-O 10. Rb1 e6 11. f4 Ng4 12. Qd2 f5 13. h3 Ngf6 14. Rbe1 Re8
15. Ng3 Qc7 16. Qf2 Nh5 17. Nxh5 Bd4 18. Re3 gxh5 19. Qg3+ Kf7 20. Nd1 Bxe3+
21. Nxe3 Rg8 22. Qh4 Rg6 23. Qxh5 Nf8 24. exf5 exf5 25. Qxf5+ Ke8 26. Nd5 Qa5
27. Bc3 Qd8 28. Re1+ Re6 29. Rxe6+ Nxe6 30. Qxe6+ Kf8 31. Qh6+ Kf7 32. Qxh7+
Ke6 33. Nc7+ 1-0

[Event "Est ch 2020 G12"]
[Site "?"]
[Date "2020.01.25"]
[Round "5.3"]
[White "Kuzmina, Oleksandra"]
[Black "Orlova, Sofija"]
[Result "1/2-1/2"]
[WhiteElo "1202"]
[BlackElo "1239"]
[PlyCount "117"]
[SourceVersionDate "2020.01.30"]

1. d4 c5 2. e3 e6 3. c4 d6 4. Nf3 b6 5. Nc3 Nf6 6. Bd3 Bb7 7. Bd2 Be7 8. O-O
O-O 9. h3 Nbd7 10. a3 d5 11. cxd5 exd5 12. Re1 Bd6 13. e4 dxe4 14. Nxe4 Bxe4
15. Bxe4 Nxe4 16. Rxe4 Nf6 17. Re1 cxd4 18. Nxd4 Bh2+ 19. Kxh2 Qxd4 20. Bb4
Qxd1 21. Raxd1 Rfe8 22. f3 h6 23. Rxe8+ Rxe8 24. g4 Re2+ 25. Kg3 g5 26. Rd8+
Ne8 27. Bc3 Kf8 28. Bb4+ Kg7 29. Bc3+ f6 30. Rd7+ Kg6 31. Rxa7 Nd6 32. Ra4 b5
33. Rb4 Rc2 34. f4 Nc4 35. f5+ Kg7 36. Kf3 Nxa3 37. Rb3 Nc4 38. Rxb5 Rh2 39.
Rb7+ Kg8 40. Rc7 Nxb2 41. Bxf6 Rxh3+ 42. Kg2 Rb3 43. Bg7 Rb4 44. Kf2 Nd3+ 45.
Kf3 Rf4+ 46. Ke3 Nb4 47. Rb7 Nd5+ 48. Kd3 Rxg4 49. Bxh6 Rf4 50. Ra7 Rxf5 51.
Ke4 Ne3 52. Kxe3 g4 53. Bf4 Kh8 54. Re7 Kg8 55. Ke4 Rf6 56. Be5 Rf1 57. Bg3 Rf3
58. Be1 Rf1 59. Bh4 1/2-1/2

[Event "Est ch 2020 G12"]
[Site "?"]
[Date "2020.01.25"]
[Round "5.5"]
[White "Rüdiger, Maria Helena"]
[Black "Protassova, Evelina"]
[Result "0-1"]
[WhiteElo "1091"]
[BlackElo "1161"]
[PlyCount "126"]
[SourceVersionDate "2020.01.30"]

1. e4 c6 2. d4 d5 3. exd5 cxd5 4. Bd3 Nc6 5. c3 Nf6 6. Bf4 e6 7. Nf3 Bd6 8. Ne5
O-O 9. Nd2 a6 10. Qc2 Bd7 11. O-O-O Rc8 12. Ndf3 Nb4 13. Qe2 Nxd3+ 14. Qxd3 Ne4
15. Rdf1 f6 16. Nxd7 Bxf4+ 17. Kb1 Qxd7 18. g3 Bd6 19. h4 a5 20. g4 b5 21. g5
fxg5 22. Nxg5 h6 23. Nxe4 dxe4 24. Qxe4 Qf7 25. Rhg1 Qf5 26. Qxf5 exf5 27. Re1
Rfe8 28. Kc2 Kf7 29. b3 Rxe1 30. Rxe1 Re8 31. Rf1 g5 32. hxg5 hxg5 33. c4 Rc8
34. c5 Bxc5 35. dxc5 Rxc5+ 36. Kb2 Kf6 37. Rd1 Ke5 38. Rd7 Kf4 39. Ra7 b4 40.
a3 bxa3+ 41. Kxa3 Kf3 42. Ka4 Kxf2 43. Rf7 Kg3 44. b4 axb4 45. Kxb4 Re5 46. Rd7
f4 47. Rd3+ Re3 48. Rd1 f3 49. Rg1+ Kf4 50. Kc4 f2 51. Rf1 Kf3 52. Kd4 Re1 53.
Rxf2+ Kxf2 54. Kd3 g4 55. Kd2 g3 56. Kd3 g2 57. Kd4 g1=Q 58. Kd5 Kg2 59. Kc4
Rd1 60. Kb5 Qd4 61. Ka6 Qc4+ 62. Kb6 Rb1+ 63. Ka7 Qa4# 0-1

[Event "Est ch 2020 G12"]
[Site "?"]
[Date "2020.01.25"]
[Round "5.5"]
[White "Karba, Kertu"]
[Black "Dukova, Sofia"]
[Result "1-0"]
[WhiteElo "1158"]
[BlackElo "1002"]
[PlyCount "91"]
[SourceVersionDate "2020.01.30"]

1. e4 e5 2. Nf3 Nc6 3. Bc4 Nf6 4. O-O Bc5 5. d3 O-O 6. Bg5 d6 7. Nc3 Bg4 8. h3
Bh5 9. Nd5 Nd4 10. g4 Bg6 11. Nh4 h6 12. Nxg6 fxg6 13. Bxf6 gxf6 14. Nxc7+ Kh8
15. Nxa8 Qxa8 16. c3 Nc6 17. Qd2 Kh7 18. Kh2 Qb8 19. Rg1 d5 20. Bxd5 f5 21.
gxf5 gxf5 22. exf5 e4+ 23. Kh1 exd3 24. f6 Rxf6 25. Qxd3+ Kh8 26. Rg8+ Qxg8 27.
Bxg8 Kxg8 28. Rg1+ Kf8 29. Rf1 Rd6 30. Qf5+ Ke7 31. Qxc5 b6 32. Qh5 a6 33. Re1+
Kd7 34. Qf7+ Kc8 35. Re8+ Nd8 36. Rh8 Rd1+ 37. Kg2 Rd7 38. Qg6 Kc7 39. Qxh6 Nf7
40. Qf4+ Kb7 41. Rh7 Rd8 42. Rxf7+ Ka8 43. Qc7 Rg8+ 44. Kf1 Rg1+ 45. Kxg1 a5
46. Qa7# 1-0

[Event "Est ch 2020 G12"]
[Site "?"]
[Date "2020.01.25"]
[Round "5.6"]
[White "Karba, Karoliina"]
[Black "Andrejeva, Olga"]
[Result "1/2-1/2"]
[WhiteElo "1013"]
[BlackElo "1018"]
[PlyCount "39"]
[SourceVersionDate "2020.01.30"]

1. e4 c5 2. Nf3 Nc6 3. g3 d6 4. Bg2 Nf6 5. c3 g6 6. d4 c4 7. d5 Ne5 8. Nxe5
dxe5 9. Qa4+ Bd7 10. Qxc4 Bg7 11. O-O O-O 12. Nd2 Rc8 13. Qb3 a5 14. a4 b6 15.
Nf3 Nxe4 16. Nd2 Nf6 17. Nf3 Qc7 18. Be3 Rb8 19. c4 Bf5 20. Rad1 1/2-1/2

[Event "Est ch 2020 G12"]
[Site "?"]
[Date "2020.01.25"]
[Round "5.7"]
[White "Dmitrijeva, Laura-Valeria"]
[Black "Luik, Elo-Mirtel"]
[Result "1-0"]
[WhiteElo "1005"]
[BlackElo "1012"]
[PlyCount "43"]
[SourceVersionDate "2020.01.30"]

1. e4 e5 2. Nf3 Nc6 3. d4 exd4 4. Nxd4 Nxd4 5. Qxd4 Nf6 6. Be3 d5 7. e5 Ng4 8.
Bf4 Bf5 9. g3 Be4 10. Nc3 Bxh1 11. e6 fxe6 12. Nb5 c5 13. Qa4 d4 14. Nc7+ Kf7
15. Nxa8 Qxa8 16. O-O-O Bf3 17. Re1 e5 18. Bg5 Nxh2 19. Bd3 Bc6 20. Qc4+ Ke8
21. Qe6+ Be7 22. Qxe7# 1-0

[Event "Est ch 2020 G12"]
[Site "?"]
[Date "2020.01.25"]
[Round "6.1"]
[White "Orlova, Sofija"]
[Black "Rogaten, Varvara"]
[Result "0-1"]
[WhiteElo "1239"]
[BlackElo "1397"]
[PlyCount "62"]
[SourceVersionDate "2020.01.30"]

1. d4 d5 2. c4 c6 3. Nc3 Nf6 4. e3 e6 5. Nf3 Nbd7 6. Bd3 dxc4 7. Bxc4 b5 8. Bd3
Bd6 9. e4 e5 10. O-O Qc7 11. g3 O-O 12. Qc2 a6 13. Rd1 Re8 14. b3 exd4 15. Nxd4
Bc5 16. Nf3 Qb6 17. Rf1 h6 18. Bf4 Ng4 19. Qd2 Re6 20. h3 Nde5 21. hxg4 Nxf3+
22. Kg2 Nxd2 23. Bxd2 Rd6 24. Nd5 cxd5 25. exd5 Bb7 26. Kh3 Rxd5 27. Bf5 Rxd2
28. Rfe1 Bxf2 29. Re5 Bxg3 30. Re7 Rh2+ 31. Kxg3 Qf2# 0-1

[Event "Est ch 2020 G12"]
[Site "?"]
[Date "2020.01.25"]
[Round "6.2"]
[White "Pritulina, Nadezhda"]
[Black "Haapsal, Maria Ioanna"]
[Result "0-1"]
[WhiteElo "1345"]
[BlackElo "1549"]
[PlyCount "172"]
[SourceVersionDate "2020.01.30"]

1. c4 c5 2. e4 e6 3. d3 Nc6 4. Nf3 d6 5. Be2 Nf6 6. Be3 Be7 7. O-O O-O 8. Nc3
a6 9. Rb1 Qc7 10. d4 cxd4 11. Nxd4 Ne5 12. b3 b6 13. f4 Ned7 14. Bf3 Bb7 15.
Rc1 Nc5 16. Qc2 Rac8 17. a3 Rfd8 18. b4 Ncd7 19. Qf2 Bf8 20. Nce2 Bxe4 21. Ng3
Bxf3 22. Qxf3 Be7 23. h3 Nb8 24. Qf2 Nbd7 25. Qf3 Re8 26. Ne4 Nxe4 27. Qxe4 Nf6
28. Qf3 Qd7 29. Qg3 Bf8 30. Nf3 Rb8 31. Bd4 Qe7 32. Rfe1 Rec8 33. Nh4 Qd8 34.
Red1 Qe7 35. Re1 Qd8 36. Red1 d5 37. cxd5 Nxd5 38. Bc3 Qe7 39. Be5 Rxc1 40.
Rxc1 Rd8 41. Re1 Qa7 42. Kh1 Rc8 43. Re2 b5 44. f5 Rc1+ 45. Re1 Rxe1+ 46. Qxe1
Qe7 47. fxe6 fxe6 48. Bd4 Nf6 49. Bc5 Qd7 50. Qe3 Nd5 51. Qf2 Qe8 52. Kg1 Qf7
53. Nf3 Qf6 54. Bd4 Qf4 55. Bb2 Qf5 56. Qe2 Nf4 57. Qd2 Nxh3+ 58. gxh3 Qxf3 59.
Qh2 Qd1+ 60. Kg2 Qd2+ 61. Kg1 Qxh2+ 62. Kxh2 g6 63. Kg3 Bg7 64. Bxg7 Kxg7 65.
Kf4 Kf6 66. Ke4 e5 67. Ke3 Kf5 68. Kf3 e4+ 69. Ke3 Ke5 70. Ke2 Kf4 71. Kf2 e3+
72. Ke2 g5 73. Ke1 Kf3 74. Kf1 e2+ 75. Ke1 h6 76. h4 gxh4 77. a4 bxa4 78. b5
axb5 79. Kd2 Kf2 80. Kc3 e1=Q+ 81. Kd4 a3 82. Kc5 a2 83. Kxb5 a1=Q 84. Kc4
Qac3+ 85. Kb5 Qb1+ 86. Ka4 Qca1# 0-1

[Event "Est ch 2020 G12"]
[Site "?"]
[Date "2020.01.25"]
[Round "6.3"]
[White "Shadrina, Eva"]
[Black "Kuzmina, Oleksandra"]
[Result "1-0"]
[WhiteElo "1559"]
[BlackElo "1202"]
[PlyCount "69"]
[SourceVersionDate "2020.01.30"]

1. e4 d5 2. exd5 Qxd5 3. Nc3 Qd6 4. d4 Nf6 5. h3 Nc6 6. Nf3 Bf5 7. a3 e6 8. Be3
Be7 9. Qd2 h6 10. O-O-O O-O-O 11. Nb5 Qd7 12. Bf4 Bd6 13. Nxd6+ cxd6 14. Bd3
Bxd3 15. Qxd3 Rhe8 16. Rhe1 Nd5 17. Bh2 f5 18. Kb1 f4 19. c4 Nf6 20. Bxf4 d5
21. c5 Ne4 22. Qc2 g5 23. Bh2 Qg7 24. b4 Qd7 25. Rc1 a5 26. b5 Na7 27. c6 bxc6
28. bxc6 Qe7 29. Qb2 Nd6 30. Re3 Nab5 31. a4 Na7 32. Rb3 Qc7 33. Rb7 Nxb7 34.
cxb7+ Kb8 35. Bxc7# 1-0

[Event "Est ch 2020 G12"]
[Site "?"]
[Date "2020.01.25"]
[Round "6.4"]
[White "Protassova, Evelina"]
[Black "Karba, Karoliina"]
[Result "1/2-1/2"]
[WhiteElo "1161"]
[BlackElo "1013"]
[PlyCount "134"]
[SourceVersionDate "2020.01.30"]

1. d4 c5 2. dxc5 e6 3. Nf3 Bxc5 4. Nc3 Nc6 5. e3 Nf6 6. Be2 O-O 7. O-O d5 8. b3
Bd7 9. Bb2 Bc8 10. h3 d4 11. exd4 Nxd4 12. Nxd4 Qxd4 13. Qxd4 Bxd4 14. Bf3 Bd7
15. Rad1 Bxc3 16. Bxc3 Bb5 17. Rfe1 Rad8 18. Bxf6 gxf6 19. Bxb7 Rxd1 20. Rxd1
Be2 21. Rd2 Bh5 22. c4 Bg6 23. Kf1 Bb1 24. Ke2 Bg6 25. Bf3 e5 26. g3 e4 27. Bg2
f5 28. f3 exf3+ 29. Bxf3 Re8+ 30. Kf2 Re6 31. Re2 Rf6 32. Ke3 Re6+ 33. Kd2 Rd6+
34. Kc3 f4 35. gxf4 Rd3+ 36. Kb4 Rxf3 37. c5 Rxf4+ 38. Kb5 Bd3+ 39. Kc6 Bxe2
40. Kb7 Rf5 41. b4 a6 42. Kb6 Rf6+ 43. Kc7 Bf3 44. a4 Kf8 45. b5 axb5 46. axb5
Re6 47. c6 Rxc6+ 48. bxc6 Bxc6 49. Kxc6 h5 50. Kd5 f6 51. Ke4 Kg7 52. Kf4 Kg6
53. Kg3 Kf5 54. Kf3 Ke5 55. Ke3 f5 56. Kf3 f4 57. Kf2 Ke4 58. Kf1 Kf3 59. Kg1
Kg3 60. Kf1 Kxh3 61. Kf2 Kg4 62. Kg2 f3+ 63. Kf2 h4 64. Kg1 Kg3 65. Kf1 h3 66.
Kg1 h2+ 67. Kh1 Kh3 1/2-1/2

[Event "Est ch 2020 G12"]
[Site "?"]
[Date "2020.01.25"]
[Round "6.5"]
[White "Andrejeva, Olga"]
[Black "Karba, Kertu"]
[Result "0-1"]
[WhiteElo "1018"]
[BlackElo "1158"]
[PlyCount "24"]
[SourceVersionDate "2020.01.30"]

1. e4 e5 2. Nf3 Nc6 3. d4 d5 4. dxe5 dxe4 5. Qxd8+ Kxd8 6. Nfd2 Nxe5 7. Nxe4
Be6 8. Be2 Kd7 9. Kd2 Rd8 10. Kc3 Kc8 11. Bf4 Nc6 12. Nbd2 Bb4# 0-1

[Event "Est ch 2020 G12"]
[Site "?"]
[Date "2020.01.25"]
[Round "6.6"]
[White "Dmitrijeva, Laura-Valeria"]
[Black "Rüdiger, Maria Helena"]
[Result "1-0"]
[WhiteElo "1005"]
[BlackElo "1091"]
[PlyCount "89"]
[SourceVersionDate "2020.01.30"]

1. e4 c5 2. Nf3 e6 3. Nc3 d6 4. d4 a6 5. d5 g6 6. dxe6 fxe6 7. Bc4 b5 8. Bb3 c4
9. Bxc4 bxc4 10. Bg5 Nf6 11. O-O Bb7 12. Qe2 Nbd7 13. Qxc4 d5 14. exd5 exd5 15.
Qe2+ Qe7 16. Qd2 Bg7 17. Rfe1 Ne5 18. Rxe5 Qxe5 19. Nxe5 O-O 20. h3 d4 21. Qxd4
Rad8 22. Qc4+ Bd5 23. Qa4 Rde8 24. Nd7 Nxd7 25. Qxd7 Bf7 26. Be7 Rxe7 27. Qxe7
Kh8 28. Qd6 Kg8 29. Qxa6 Kh8 30. Ne4 Bxb2 31. Rb1 Bg7 32. Ng5 Bg8 33. c4 h6 34.
Ne6 Bxe6 35. Qxe6 Rf6 36. Qe8+ Bf8 37. Rc1 Kg7 38. c5 Kg8 39. Qd8 Kg7 40. c6
Kf7 41. c7 Be7 42. Qd5+ Re6 43. c8=Q Bf6 44. Qdxe6+ Kg7 45. Qcg8# 1-0

[Event "Est ch 2020 G12"]
[Site "?"]
[Date "2020.01.25"]
[Round "6.7"]
[White "Dukova, Sofia"]
[Black "Luik, Elo-Mirtel"]
[Result "1-0"]
[WhiteElo "1002"]
[BlackElo "1012"]
[PlyCount "47"]
[SourceVersionDate "2020.01.30"]

1. e4 e5 2. Nf3 Nc6 3. Nc3 Nf6 4. Bb5 Bb4 5. O-O O-O 6. d3 d6 7. Bg5 Bg4 8. Nd5
Nd4 9. Nxb4 Nxb5 10. Nd5 Nd4 11. Nxf6+ gxf6 12. Bh6 Nxf3+ 13. gxf3 Bh3 14. Bxf8
Bxf1 15. Qxf1 Qxf8 16. Qg2+ Kh8 17. Kh1 Qh6 18. Rg1 a5 19. a4 Qf8 20. c3 Ra6
21. Qh3 Rb6 22. Qf5 Qe7 23. Qc8+ Qf8 24. Qxf8# 1-0

[Event "Est ch 2020 G12"]
[Site "?"]
[Date "2020.01.26"]
[Round "7.1"]
[White "Rogaten, Varvara"]
[Black "Karba, Kertu"]
[Result "1-0"]
[WhiteElo "1397"]
[BlackElo "1158"]
[PlyCount "79"]
[SourceVersionDate "2020.01.30"]

1. e4 e5 2. Nf3 Nc6 3. Bc4 Nf6 4. Ng5 d5 5. exd5 b5 6. Bxb5 Qxd5 7. Bxc6+ Qxc6
8. Rg1 e4 9. Nc3 h6 10. Nh3 Bg4 11. Ne2 Bd6 12. d4 O-O-O 13. Be3 Qb5 14. Rb1 c5
15. c3 Nd5 16. Qc2 Nxe3 17. fxe3 Bc7 18. Rf1 Ba5 19. b4 cxb4 20. cxb4+ Bc7 21.
a3 Rd6 22. Nc3 Qc4 23. Rc1 Rd7 24. Nf4 Bxf4 25. Rxf4 Be6 26. d5 Rc7 27. dxe6
fxe6 28. Rxe4 Qc6 29. Rd4 Rd8 30. Rxd8+ Kxd8 31. Qd2+ Rd7 32. Qc2 Rc7 33. b5
Qc5 34. Rd1+ Ke7 35. Rd3 Qxa3 36. Nd5+ Kf8 37. Nxc7 Qa1+ 38. Ke2 Qe5 39. Qc6
Qxh2 40. Qe8# 1-0

[Event "Est ch 2020 G12"]
[Site "?"]
[Date "2020.01.26"]
[Round "7.2"]
[White "Haapsal, Maria Ioanna"]
[Black "Protassova, Evelina"]
[Result "1/2-1/2"]
[WhiteElo "1549"]
[BlackElo "1161"]
[PlyCount "200"]
[SourceVersionDate "2020.01.30"]

1. e4 c6 2. Nf3 d5 3. Nc3 Bg4 4. h3 Bxf3 5. Qxf3 e6 6. d3 Bd6 7. Bd2 Nd7 8.
O-O-O Qf6 9. Qxf6 Ngxf6 10. f4 Bc7 11. e5 Ng8 12. d4 O-O-O 13. Be2 Ne7 14. g4
g6 15. Rhf1 Rdf8 16. Bd3 c5 17. dxc5 Nxc5 18. Be3 Nxd3+ 19. Rxd3 Kb8 20. Nb5 a6
21. Bc5 Re8 22. Nd6 Bxd6 23. Bxd6+ Ka8 24. Bxe7 Rxe7 25. Rc3 Ree8 26. Rc7 Rhf8
27. Rf3 Kb8 28. Rfc3 Rc8 29. Rxc8+ Rxc8 30. Rxc8+ Kxc8 31. Kd2 Kd7 32. Kc3 b5
33. Kb4 Kc6 34. Ka5 Kb7 35. Kb4 Kc6 36. Kc3 Kc5 37. b4+ Kb6 38. Kd4 a5 39. a3
axb4 40. axb4 Kc6 41. c3 Kb6 42. h4 h6 43. Ke3 Kc7 44. Kd4 Kc6 45. h5 gxh5 46.
gxh5 Kb6 47. f5 Kc6 48. Ke3 Kd7 49. Kd4 Kc6 50. Ke3 Kd7 51. Kf4 Ke7 52. f6+ Kd7
53. Kf3 Kc6 54. Ke2 Kb6 55. Kd1 Kc6 56. Kc2 Kb6 57. Kb1 Kc6 58. Kc2 Kb6 59. Kd3
Kc6 60. Kd4 Kb6 61. Ke3 Kc6 62. Kf3 Kb6 63. Kf4 Kc6 64. Ke3 Kb6 65. Kd4 Kc6 66.
Ke3 Kb6 67. Kd4 Kc6 68. Kd3 Kb6 69. Kd2 Kc6 70. Ke2 Kb6 71. Kf2 Kc6 72. Ke3 Kb6
73. Kd4 Kc6 74. Ke3 Kb6 75. Kd4 Kc6 76. Kd3 Kb6 77. Kc2 Kc6 78. Kd2 Kb6 79. Kd1
Kc6 80. Ke2 Kb6 81. Ke3 Kc6 82. Kd4 Kb6 83. Ke3 Kc6 84. Kd3 Kb6 85. Ke2 Kc6 86.
Ke3 Kb6 87. Kf3 Kc6 88. Ke2 Kb6 89. Kd3 Kc6 90. Kd4 Kb6 91. Kd3 Kc6 92. Kd4 Kb6
93. Ke3 Kc6 94. Kd4 Kb6 95. Ke3 Kc6 96. Kd4 Kb6 97. Ke3 Kc6 98. Kd4 Kb6 99. Ke3
Kc6 100. Kd4 Kb6 1/2-1/2

[Event "Est ch 2020 G12"]
[Site "?"]
[Date "2020.01.26"]
[Round "7.3"]
[White "Dukova, Sofia"]
[Black "Shadrina, Eva"]
[Result "0-1"]
[WhiteElo "1002"]
[BlackElo "1559"]
[PlyCount "48"]
[SourceVersionDate "2020.01.30"]

1. e4 c5 2. Nf3 Nc6 3. Nc3 e5 4. Bc4 Be7 5. O-O d6 6. d3 Nf6 7. Be3 O-O 8. h3
h6 9. Qd2 Kh7 10. Bg5 Nd4 11. Nd5 Nxf3+ 12. gxf3 hxg5 13. Qxg5 Nxd5 14. Qh5+
Kg8 15. Bxd5 Qd7 16. Kh2 Qb5 17. Rg1 Qd7 18. f4 exf4 19. Qf3 Bf6 20. Qg2 Re8
21. h4 Re5 22. c3 Rh5 23. d4 Rxh4+ 24. Qh3 Qxh3# 0-1

[Event "Est ch 2020 G12"]
[Site "?"]
[Date "2020.01.26"]
[Round "7.4"]
[White "Orlova, Sofija"]
[Black "Pritulina, Nadezhda"]
[Result "0-1"]
[WhiteElo "1239"]
[BlackElo "1345"]
[PlyCount "118"]
[SourceVersionDate "2020.01.30"]

1. d4 e6 2. c4 c5 3. d5 exd5 4. cxd5 d6 5. e4 g6 6. Bd2 Bg7 7. Bc3 Nf6 8. Nd2
O-O 9. h3 Re8 10. Bd3 Nxd5 11. Bxg7 Kxg7 12. Ngf3 Nc6 13. O-O Nf6 14. Re1 Ne5
15. Nxe5 dxe5 16. Nf3 a6 17. Qc2 b5 18. Red1 Qc7 19. b3 Bb7 20. Re1 Rad8 21.
Qc3 Rd7 22. Rac1 h6 23. Bb1 Rd6 24. Nxe5 Rde6 25. Ng4 Rc8 26. Nxf6 Rxf6 27. f3
Qb6 28. Kh1 Kg8 29. Qe3 Kh7 30. Red1 Re6 31. Qd3 Rcc6 32. Qc3 Qc7 33. Rd2 c4
34. b4 Red6 35. Rcd1 Rxd2 36. Rxd2 Rd6 37. Qe5 Rc6 38. Qxc7 Rxc7 39. Kh2 Bc8
40. Bc2 Rd7 41. Re2 Kg7 42. a4 Kf6 43. a5 Ke5 44. Re3 Kd4 45. Ra3 c3 46. Kg3
Kc4 47. Ra1 Kxb4 48. f4 Kc4 49. Kg4 Rd1+ 50. Kg3 Rxa1 51. f5 b4 52. fxg6 fxg6
53. e5 b3 54. Bxg6 c2 55. Bf7+ Kb4 56. e6 c1=Q 57. e7 Qg5+ 58. Kh2 Qf4+ 59. g3
Qf2# 0-1

[Event "Est ch 2020 G12"]
[Site "?"]
[Date "2020.01.26"]
[Round "7.5"]
[White "Luik, Elo-Mirtel"]
[Black "Kuzmina, Oleksandra"]
[Result "0-1"]
[WhiteElo "1012"]
[BlackElo "1202"]
[PlyCount "114"]
[SourceVersionDate "2020.01.30"]

1. e4 d5 2. Nc3 d4 3. Nce2 e5 4. Ng3 Nf6 5. Bc4 Nc6 6. Nf3 Bg4 7. d3 Bb4+ 8.
Bd2 Bd6 9. O-O O-O 10. Bg5 Be7 11. h3 Bxf3 12. Qxf3 h6 13. Bxh6 gxh6 14. Nf5
Kh7 15. c3 a6 16. cxd4 Nxd4 17. Nxd4 Qxd4 18. Qf5+ Kg7 19. Rac1 Qd7 20. Qf3 Rg8
21. d4 Qxd4 22. Rfd1 Qxe4 23. Qg3+ Kf8 24. Qxg8+ Kxg8 25. Rc3 Bd6 26. Rg3+ Kf8
27. Bd3 Qa4 28. b3 Qxa2 29. Bb1 Qe2 30. Rf1 e4 31. Re3 Qb5 32. f3 exf3 33.
Rfxf3 Bc5 34. Rxf6 Bxe3+ 35. Kh1 Qxb3 36. Be4 Qd1+ 37. Kh2 Ra7 38. Rf3 Bc5 39.
Rd3 Bd6+ 40. g3 Qe2+ 41. Kg1 Qxd3 42. Bxd3 a5 43. g4 a4 44. h4 a3 45. Bc4 Ra4
46. Bb3 Rb4 47. Ba2 Rb2 48. g5 hxg5 49. h5 Rxa2 50. h6 Kg8 51. Kf1 Rf2+ 52.
Kxf2 a2 53. Kf3 a1=Q 54. Kg4 Qe5 55. Kh5 Kh7 56. Kg4 Qf4+ 57. Kh5 Qh4# 0-1

[Event "Est ch 2020 G12"]
[Site "?"]
[Date "2020.01.26"]
[Round "7.6"]
[White "Rüdiger, Maria Helena"]
[Black "Karba, Karoliina"]
[Result "1/2-1/2"]
[WhiteElo "1091"]
[BlackElo "1013"]
[PlyCount "112"]
[SourceVersionDate "2020.01.30"]

1. e4 d5 2. exd5 Qxd5 3. Nc3 Qd6 4. d4 Nf6 5. Nf3 a6 6. Bd3 b5 7. a3 Bb7 8. Be3
e6 9. O-O g6 10. Qe2 Bg7 11. Rfe1 O-O 12. Rad1 Nc6 13. Qd2 Rfe8 14. Bf4 e5 15.
dxe5 Nxe5 16. Nxe5 Nh5 17. Nxf7 Qxf4 18. Qxf4 Nxf4 19. Rxe8+ Rxe8 20. Ng5 Nxg2
21. Be4 Bxe4 22. Ngxe4 Bxc3 23. Nxc3 Nf4 24. f3 Ne2+ 25. Nxe2 Rxe2 26. Rc1 c5
27. h4 b4 28. axb4 cxb4 29. Kf1 Rh2 30. Ke1 b3 31. Kd1 bxc2+ 32. Rxc2 Rxh4 33.
Rc6 Rh1+ 34. Kc2 Rh2+ 35. Kb1 a5 36. Ra6 Rh1+ 37. Ka2 Rh5 38. Ka3 Rb5 39. f4
Kg7 40. Ra7+ Kh6 41. b3 g5 42. fxg5+ Rxg5 43. Ra6+ Kh5 44. Ka4 Kh4 45. Rxa5
Rxa5+ 46. Kxa5 h5 47. b4 Kg3 48. b5 h4 49. b6 h3 50. b7 h2 51. b8=Q+ Kg2 52.
Qb3 h1=Q 53. Qd5+ Kh2 54. Qh5+ Kg1 55. Qd1+ Kh2 56. Qxh1+ Kxh1 1/2-1/2

[Event "Est ch 2020 G12"]
[Site "?"]
[Date "2020.01.26"]
[Round "8.1"]
[White "Protassova, Evelina"]
[Black "Rogaten, Varvara"]
[Result "1/2-1/2"]
[WhiteElo "1161"]
[BlackElo "1397"]
[PlyCount "31"]
[SourceVersionDate "2020.01.30"]

1. d4 d5 2. c4 c6 3. Nc3 Nf6 4. Bg5 e6 5. cxd5 cxd5 6. e3 a6 7. a3 Be7 8. Nf3
Nc6 9. Be2 O-O 10. O-O h6 11. Bxf6 Bxf6 12. h3 b5 13. b4 Bb7 14. Qb3 Re8 15.
Rac1 Qd7 16. Rfd1 1/2-1/2

[Event "Est ch 2020 G12"]
[Site "?"]
[Date "2020.01.26"]
[Round "8.2"]
[White "Kuzmina, Oleksandra"]
[Black "Haapsal, Maria Ioanna"]
[Result "0-1"]
[WhiteElo "1202"]
[BlackElo "1549"]
[PlyCount "104"]
[SourceVersionDate "2020.01.30"]

1. d4 d5 2. c4 e6 3. Nc3 Nf6 4. Bg5 Nbd7 5. e3 Be7 6. Nf3 b6 7. Bd3 Bb7 8. O-O
O-O 9. a3 c5 10. cxd5 exd5 11. Re1 Rc8 12. b3 cxd4 13. Nb5 dxe3 14. Bxe3 a6 15.
Nbd4 Nc5 16. Bf1 Re8 17. Rc1 Bd6 18. Nf5 Qd7 19. Nxd6 Qxd6 20. b4 Ne6 21. Nd4
Nxd4 22. Bxd4 Ne4 23. Rxc8 Rxc8 24. Bxg7 Nxf2 25. Kxf2 Kxg7 26. Qg4+ Qg6 27.
Qd7 Qf6+ 28. Kg3 Rc3+ 29. Kg4 Bc8 30. Qxc8 Rxc8 31. g3 h5+ 32. Kh3 Qf5+ 33. Kg2
Rc2+ 34. Re2 Rxe2+ 35. Bxe2 d4 36. Bxa6 d3 37. Bxd3 Qxd3 38. a4 Qe2+ 39. Kh3 h4
40. Kxh4 Qxh2+ 41. Kg4 Kg6 42. a5 Qe2+ 43. Kh3 Kg5 44. a6 Qg4+ 45. Kg2 Qe2+ 46.
Kh3 Qxa6 47. b5 Qxb5 48. g4 Qb3+ 49. Kh2 Kxg4 50. Kg2 Qb2+ 51. Kf1 Kf3 52. Ke1
Qe2# 0-1